Flags in the Style of Kosovo - Statistics

General Stats
  • This quiz has been taken 132 times
    66 since last reset
  • The average score is 16 of 21
Answer Stats
Picture Answer % Correct
Kosovo
98%
United States
93%
Cyprus
88%
Germany
86%
Italy
86%
Austria
83%
Spain
83%
United Kingdom
83%
Australia
81%
Indonesia
79%
Russia
79%
Turkey
78%
Brazil
76%
Ukraine
76%
United Arab Emirates
74%
Albania
72%
Pakistan
69%
Serbia
64%
Vatican City
62%
Ecuador
50%
Seychelles
31%
No matching quizzes found
Score Distribution
Percent of People with Each Score
Percentile by Number Answered
Your Score History
You have not taken this quiz since the last reset